000
00342nam a2200145Ia 4500
003
OSt
005
20231215065813.0
008
170524s9999 xx 000 0 und d
020
_a
9788189161460
040
_c
IIMT UNIVERSITY
100
_a
SINGH- DHARMENDRA
245
0
_a
MEDIA AND MANDAL
260
_b
ADHYAYAN : NEW DELHI
942
_2
ddc
_c
01
999
_c
9041
_d
9041